[Event "44th Chess Olympiad Open 2022"]
[Site "Chennai"]
[Date "2022.07.29"]
[Round "1.53"]
[White "Pesqueira, Jose"]
[Black "Veiga, Jose Francisco R P N"]
[Result "0-1"]
[WhiteElo "1809"]
[BlackElo "2378"]
[Annotator "TA"]
[PlyCount "50"]
[EventDate "2022.07.29"]
[EventType "team-tourn"]
[EventCountry "IND"]
[SourceTitle "playchess.com"]
[Source "ChessBase"]
[SourceQuality "1"]
[WhiteTeam "ARU"]
[BlackTeam "Portugal"]
[BlackTeamCountry "POR"]

1. e4 e5 2. Nf3 Nc6 3. Bb5 a6 4. Ba4 Nf6 5. O-O Be7 6. d3 b5 7. Bb3 d6 8. c3
O-O 9. Nbd2 Na5 10. Bc2 c5 11. Re1 Nc6 12. Nf1 Re8 13. Ng3 g6 14. a4 Bb7 15. d4
Qc7 16. d5 Nb8 17. h3 Nbd7 18. Bh6 Kh8 19. Ng5 Kg8 20. Nf3 Bf8 21. Qd2 Bxh6 22.
Qxh6 Reb8 23. a5 c4 24. Ng5 Qd8 25. Nh5 gxh5 0-1

[Event "44th Chess Olympiad Open 2022"]
[Site "Chennai"]
[Date "2022.07.29"]
[Round "1.54"]
[White "Mehmeti, Dritan"]
[Black "Mathurin, Nathaniel"]
[Result "1-0"]
[WhiteElo "2371"]
[BlackElo "1722"]
[Annotator "TA"]
[PlyCount "61"]
[EventDate "2022.07.29"]
[EventType "team-tourn"]
[EventCountry "IND"]
[SourceTitle "playchess.com"]
[Source "ChessBase"]
[SourceQuality "1"]
[WhiteTeam "Albania"]
[BlackTeam "LCA"]
[WhiteTeamCountry "ALB"]

1. d4 Nf6 2. Bg5 Ne4 3. Bf4 d5 4. e3 c5 5. Bd3 Nc6 6. Bxe4 dxe4 7. d5 g5 8. Bg3
Bg7 9. Nc3 Ne5 10. Nge2 f5 11. h4 Nc4 12. b3 Qa5 13. bxc4 Bxc3+ 14. Kf1 g4 15.
Rb1 Bg7 16. h5 Qxa2 17. h6 Bf6 18. Kg1 Qxc4 19. Nf4 O-O 20. Bh4 b5 21. Bxf6
Rxf6 22. Rh5 Rb8 23. Rb3 Rbb6 24. Qa1 Qxc2 25. Ra3 a6 26. Rg5+ Kf8 27. Nh5 b4
28. Ra2 b3 29. Rxc2 bxc2 30. Kh2 Rb1 31. Qa5 1-0

[Event "44th Chess Olympiad Open 2022"]
[Site "Chennai"]
[Date "2022.07.29"]
[Round "1.55"]
[White "Koykka, Pekka"]
[Black "Tchouka, Yakini"]
[Result "1-0"]
[WhiteElo "2361"]
[BlackElo "1934"]
[Annotator "TA"]
[PlyCount "53"]
[EventDate "2022.07.29"]
[EventType "team-tourn"]
[EventCountry "IND"]
[SourceTitle "playchess.com"]
[Source "ChessBase"]
[SourceQuality "1"]
[WhiteTeam "Finland"]
[BlackTeam "Togo"]
[WhiteTeamCountry "FIN"]
[BlackTeamCountry "TOG"]

1. Nf3 Nf6 2. g3 g6 3. Bg2 Bg7 4. O-O O-O 5. c4 c5 6. Nc3 Nc6 7. a3 d5 8. cxd5
Nxd5 9. Qc2 Nxc3 10. dxc3 Qc7 11. Be3 b6 12. Bf4 e5 13. Nxe5 Bxe5 14. Bxe5 Qxe5
15. Bxc6 Bf5 16. e4 Bh3 17. Rfe1 Rad8 18. Bd5 Rxd5 19. exd5 Qxd5 20. Qe4 Qb3
21. Re2 Rd8 22. Rae1 Be6 23. h4 h5 24. Qc2 Qd5 25. Rxe6 fxe6 26. Qxg6+ Kf8 27.
Rxe6 1-0

[Event "44th Chess Olympiad Open 2022"]
[Site "Chennai"]
[Date "2022.07.29"]
[Round "1.55"]
[White "Amega-Dzaka, Komi Nukunu"]
[Black "Sklyarov, Dmitry V."]
[Result "0-1"]
[WhiteElo "1639"]
[BlackElo "2474"]
[Annotator "TA"]
[PlyCount "86"]
[EventDate "2022.07.29"]
[EventType "team-tourn"]
[EventCountry "IND"]
[SourceTitle "playchess.com"]
[Source "ChessBase"]
[SourceQuality "1"]
[WhiteTeam "Togo"]
[BlackTeam "Finland"]
[WhiteTeamCountry "TOG"]
[BlackTeamCountry "FIN"]

1. d4 g6 2. Nf3 Bg7 3. c3 d6 4. Bg5 h6 5. Bh4 Nf6 6. e3 Nbd7 7. Bc4 b6 8. Nbd2
Bb7 9. Qb3 O-O 10. O-O c5 11. dxc5 Nxc5 12. Qc2 e6 13. Rfd1 Qe7 14. Be2 Rfd8
15. Rac1 Rac8 16. b4 Ncd7 17. Qa4 a6 18. Bxa6 Ra8 19. b5 Nc5 20. Qb4 Nd3 21.
Qa3 Nxc1 22. Rxc1 Bxa6 23. bxa6 Qa7 24. Nc4 Qxa6 25. Qb3 b5 26. Ncd2 Qxa2 27.
Qxb5 g5 28. Bg3 g4 29. Bh4 gxf3 30. Nxf3 Rab8 31. Qd3 Rdc8 32. Qxd6 Rb1 33. Qd1
Rxc1 34. Qxc1 Rb8 35. g4 Rb1 36. Qf1 Rxf1+ 37. Kxf1 Qc4+ 38. Ke1 Ne4 39. h3
Bxc3+ 40. Kd1 Qd3+ 41. Kc1 Nc5 42. Nd2 Qxd2+ 43. Kb1 Qb2# 0-1

[Event "44th Chess Olympiad Open 2022"]
[Site "Chennai"]
[Date "2022.07.29"]
[Round "1.56"]
[White "Wane, Al Hassane"]
[Black "Siddharth, Jagadeesh"]
[Result "0-1"]
[WhiteElo "1750"]
[BlackElo "2426"]
[Annotator "TA"]
[PlyCount "108"]
[EventDate "2022.07.29"]
[EventType "team-tourn"]
[EventCountry "IND"]
[SourceTitle "playchess.com"]
[Source "ChessBase"]
[SourceQuality "1"]
[WhiteTeam "Senegal"]
[BlackTeam "SGP"]
[WhiteTeamCountry "SEN"]

1. d4 Nf6 2. c4 c5 3. e3 g6 4. Nf3 cxd4 5. exd4 d5 6. Bd3 Bg7 7. O-O O-O 8. Nc3
Nc6 9. h3 Nb4 10. Re1 Nxd3 11. Qxd3 Bf5 12. Qe2 dxc4 13. Qxc4 Qd6 14. Nb5 Qa6
15. Na3 Qxc4 16. Nxc4 Rac8 17. Nce5 Nd5 18. g4 Bc2 19. Nd7 Rfd8 20. Nc5 b6 21.
Nb3 e6 22. Bg5 Rd7 23. Rac1 Nb4 24. Re2 Rdc7 25. Na1 Bd3 26. Rxc7 Rxc7 27. Re3
Rc1+ 28. Re1 Rxe1+ 29. Nxe1 Be4 30. a3 Nc6 31. Nac2 Nxd4 32. Nxd4 Bxd4 33. Bc1
f6 34. Kf1 Kf7 35. Ke2 e5 36. f3 Bd5 37. h4 Bc4+ 38. Kd2 h5 39. gxh5 gxh5 40.
Ng2 Bf2 41. Ne3 Be6 42. Ng2 Bh3 43. Ke2 Bg3 44. Ne3 Bxh4 45. Nd5 Bg3 46. Be3 h4
47. Bf2 f5 48. Bxg3 hxg3 49. f4 Ke6 50. Nc7+ Kd7 51. Nb5 exf4 52. Nxa7 Bg4+ 53.
Kf1 f3 54. Nb5 Bh3+ 0-1

[Event "44th Chess Olympiad Open 2022"]
[Site "Chennai"]
[Date "2022.07.29"]
[Round "1.57"]
[White "Chukavin, Kirill"]
[Black "Dalliah, Joseph"]
[Result "1-0"]
[WhiteElo "2418"]
[BlackElo "1920"]
[Annotator "TA"]
[PlyCount "51"]
[EventDate "2022.07.29"]
[EventType "team-tourn"]
[EventCountry "IND"]
[SourceTitle "playchess.com"]
[Source "ChessBase"]
[SourceQuality "1"]
[WhiteTeam "Estonia"]
[BlackTeam "Gambia"]
[WhiteTeamCountry "EST"]
[BlackTeamCountry "GAM"]

1. e4 e5 2. Nf3 Nc6 3. Nc3 Bc5 4. Nxe5 Nxe5 5. d4 Bxd4 6. Qxd4 d6 7. Be2 Nf6 8.
Bg5 Be6 9. f4 Nc6 10. Bb5 Bd7 11. Bxc6 Bxc6 12. O-O-O h6 13. Bh4 O-O 14. Rhe1
Re8 15. Qf2 Qc8 16. Bxf6 gxf6 17. Qh4 Kg7 18. Rd3 Qe6 19. Rg3+ Kh7 20. f5 Qe7
21. Rh3 Qf8 22. Ree3 b5 23. Qf4 b4 24. Nd1 d5 25. Nf2 dxe4 26. Ng4 1-0

[Event "44th Chess Olympiad Open 2022"]
[Site "Chennai"]
[Date "2022.07.29"]
[Round "1.57"]
[White "Bah, Ebrima"]
[Black "Kiik, Kalle"]
[Result "0-1"]
[WhiteElo "2078"]
[BlackElo "2365"]
[Annotator "TA"]
[PlyCount "146"]
[EventDate "2022.07.29"]
[EventType "team-tourn"]
[EventCountry "IND"]
[SourceTitle "playchess.com"]
[Source "ChessBase"]
[SourceQuality "1"]
[WhiteTeam "Gambia"]
[BlackTeam "Estonia"]
[WhiteTeamCountry "GAM"]
[BlackTeamCountry "EST"]

1. e4 c5 2. Nf3 Nc6 3. d4 cxd4 4. Nxd4 e5 5. Nxc6 bxc6 6. Bc4 Nf6 7. Bg5 Qa5+
8. Qd2 Bb4 9. c3 Be7 10. Bxf6 Bxf6 11. b4 Qc7 12. a4 O-O 13. O-O Bb7 14. Na3
Rad8 15. Qe3 d5 16. Bd3 Qb8 17. a5 h6 18. Nc2 Bg5 19. Qe2 Bc8 20. f3 Rfe8 21.
Rad1 Qc7 22. Kh1 Be6 23. Ne3 Bxe3 24. Qxe3 d4 25. Qd2 c5 26. c4 cxb4 27. Qxb4
Rb8 28. Qa3 Qe7 29. Qxe7 Rxe7 30. Rb1 Reb7 31. Rb5 a6 32. Rxb7 Rxb7 33. c5 Rb3
34. Bxa6 Ra3 35. c6 Rxa5 36. Bb7 Rc5 37. Kg1 Kf8 38. Rd1 Ke7 39. Rd2 Kd6 40.
Kf2 Bb3 41. Rb2 Rc3 42. Ke2 f6 43. Ba8 g5 44. h3 Ba4 45. Bb7 h5 46. Kd2 h4 47.
Ra2 Bxc6 48. Ra6 Kc7 49. Bxc6 Rxc6 50. Ra8 Rb6 51. Ra2 Kd6 52. Rc2 Ra6 53. Ke2
Ke6 54. Kd3 f5 55. Rb2 Ra3+ 56. Kd2 fxe4 57. fxe4 Rg3 58. Kd1 Rd3+ 59. Kc2 Re3
60. Rb6+ Kf7 61. Rb7+ Kg6 62. Rb6+ Kh5 63. Kd1 Rxe4 64. Kd2 Re3 65. Re6 Rg3 66.
Rxe5 Rxg2+ 67. Kd3 Rg3+ 68. Kxd4 Rxh3 69. Ke4 Kg4 70. Re8 Rh1 71. Rg8 Re1+ 72.
Kd3 h3 73. Kd2 Re5 0-1

[Event "44th Chess Olympiad Open 2022"]
[Site "Chennai"]
[Date "2022.07.29"]
[Round "1.57"]
[White "Garber, Ousainou"]
[Black "Volodin, Aleksandr"]
[Result "0-1"]
[WhiteElo "1772"]
[BlackElo "2454"]
[Annotator "TA"]
[PlyCount "104"]
[EventDate "2022.07.29"]
[EventType "team-tourn"]
[EventCountry "IND"]
[SourceTitle "playchess.com"]
[Source "ChessBase"]
[SourceQuality "1"]
[WhiteTeam "Gambia"]
[BlackTeam "Estonia"]
[WhiteTeamCountry "GAM"]
[BlackTeamCountry "EST"]

1. d4 Nf6 2. Nf3 e6 3. e3 c5 4. c3 b6 5. Nbd2 Bb7 6. Bd3 Be7 7. Qc2 d5 8. b3
Nc6 9. O-O Qc7 10. Re1 Rc8 11. Bb2 O-O 12. Rac1 Qb8 13. Qb1 h6 14. e4 dxe4 15.
Nxe4 cxd4 16. cxd4 Nb4 17. Nxf6+ Bxf6 18. Ne5 Rcd8 19. Bb5 Qd6 20. a3 Qd5 21.
Bf1 Nc6 22. Bc4 Qd6 23. Nxf7 Rxf7 24. Bxe6 Ne7 25. Rcd1 Bd5 26. Bxf7+ Kxf7 27.
Qd3 Ng6 28. g3 Qd7 29. f3 Ne7 30. Re2 Nc6 31. b4 Ne7 32. Bc1 Qc6 33. Rf2 Bc4
34. Qe3 Nf5 35. Qf4 Nxd4 36. Re1 Bd5 37. Kg2 g5 38. Qg4 Kg6 39. b5 Qb7 40. h4
h5 41. Qh3 g4 42. Qh1 Nxf3 43. Qf1 Nxe1+ 44. Kg1 Nf3+ 45. Rxf3 Bxf3 46. Qc4
Rd1+ 47. Kf2 Bd4+ 48. Be3 Bxe3+ 49. Kxe3 Qe7+ 50. Kf4 Qf6+ 51. Ke3 Qe5+ 52. Kf2
Qe1# 0-1

[Event "44th Chess Olympiad Open 2022"]
[Site "Chennai"]
[Date "2022.07.29"]
[Round "1.58"]
[White "Drayton, Anthony"]
[Black "Fluvia Poyatos, Jordi"]
[Result "1-0"]
[WhiteElo "1928"]
[BlackElo "2451"]
[Annotator "TA"]
[PlyCount "69"]
[EventDate "2022.07.29"]
[EventType "team-tourn"]
[EventCountry "IND"]
[SourceTitle "playchess.com"]
[Source "ChessBase"]
[SourceQuality "1"]
[WhiteTeam "Guyana"]
[BlackTeam "Andorra"]
[WhiteTeamCountry "GUY"]
[BlackTeamCountry "AND"]

1. d4 d6 2. Bf4 g6 3. Nc3 Bg7 4. e4 a6 5. Qd2 b5 6. a3 Bb7 7. f3 Nc6 8. Nge2 e5
9. Bg5 Qd7 10. d5 Nce7 11. g4 h5 12. gxh5 f6 13. Be3 Rxh5 14. h4 f5 15. Bg5 c6
16. dxc6 Bxc6 17. O-O-O Rd8 18. Ng3 Rh8 19. h5 f4 20. Bh3 Qa7 21. Be6 fxg3 22.
h6 g2 23. Qxg2 Nxh6 24. Nd5 Bxd5 25. exd5 Nf7 26. Rxh8+ Bxh8 27. Rh1 Bg7 28.
Rh7 Kf8 29. Bf6 Qe3+ 30. Kb1 Bxf6 31. Rxf7+ Ke8 32. Rxf6 Rb8 33. Rxg6 Nxg6 34.
Qxg6+ Kd8 35. Qg7 1-0

[Event "44th Chess Olympiad Open 2022"]
[Site "Chennai"]
[Date "2022.07.29"]
[Round "1.59"]
[White "Murphy, Conor E"]
[Black "Ashraf, Ahmed Ramadan"]
[Result "1-0"]
[WhiteElo "2404"]
[BlackElo "1916"]
[Annotator "TA"]
[PlyCount "101"]
[EventDate "2022.07.29"]
[EventType "team-tourn"]
[EventCountry "IND"]
[SourceTitle "playchess.com"]
[Source "ChessBase"]
[SourceQuality "1"]
[WhiteTeam "Ireland"]
[BlackTeam "Egypt"]
[WhiteTeamCountry "IRL"]
[BlackTeamCountry "EGY"]

1. Nf3 Nf6 2. g3 d5 3. Bg2 e6 4. c4 Be7 5. O-O O-O 6. d4 b6 7. cxd5 exd5 8. Nc3
Bb7 9. Bf4 Nh5 10. Be3 f5 11. Ne5 c6 12. Rc1 Nd7 13. f4 Nhf6 14. h3 Rc8 15. Bf2
Ne4 16. Nxe4 fxe4 17. Qa4 Nxe5 18. dxe5 Ra8 19. Rfd1 Qb8 20. b4 b5 21. Qb3 a5
22. a3 axb4 23. axb4 Ra4 24. Bc5 Bxc5+ 25. bxc5 Qa7 26. Kh2 Ra3 27. Qb2 Ra2 28.
Qd4 Ra4 29. Qf2 Ra2 30. Qd4 Ra4 31. Qf2 Ra2 32. Qe3 Qa5 33. g4 Ra3 34. Qf2 Ra2
35. f5 b4 36. Qg3 Rxe2 37. e6 b3 38. Qxb3 Qc7+ 39. Qg3 Qxg3+ 40. Kxg3 Ra8 41.
Rb1 Bc8 42. Rb6 g5 43. Rxc6 Bb7 44. Rc7 Raa2 45. Rg1 Reb2 46. f6 Rb3+ 47. Kh2
Rf2 48. Rf1 e3 49. Rxf2 exf2 50. Rd7 h6 51. f7+ 1-0

[Event "44th Chess Olympiad Open 2022"]
[Site "Chennai"]
[Date "2022.07.29"]
[Round "1.59"]
[White "Kanyamarala, Tarun"]
[Black "Mujahid Bin Yazeed"]
[Result "1-0"]
[WhiteElo "2379"]
[BlackElo "1418"]
[Annotator "TA"]
[PlyCount "75"]
[EventDate "2022.07.29"]
[EventType "team-tourn"]
[EventCountry "IND"]
[SourceTitle "playchess.com"]
[Source "ChessBase"]
[SourceQuality "1"]
[WhiteTeam "Ireland"]
[BlackTeam "Maldives"]
[WhiteTeamCountry "IRL"]
[BlackTeamCountry "MDV"]

1. f4 f5 2. Nf3 Nf6 3. g3 d5 4. Bg2 Be6 5. O-O Qc8 6. b3 Bf7 7. c4 c6 8. Bb2
Nbd7 9. cxd5 cxd5 10. Nc3 Qc5+ 11. Kh1 e6 12. Rc1 Qa5 13. Nd4 a6 14. d3 Bc5 15.
Nc2 h5 16. h4 Be7 17. e4 O-O 18. Ne3 dxe4 19. dxe4 Bc5 20. Nc4 Qc7 21. Na4 Rad8
22. Qe2 Ba7 23. e5 Nd5 24. Nd6 Qb8 25. Bxd5 exd5 26. Nxf5 b5 27. e6 bxa4 28.
exf7+ Rxf7 29. Ne7+ Kf8 30. Ng6+ Kg8 31. Qxh5 Rf6 32. Ne7+ Kf8 33. Nc6 Qb5 34.
Bxf6 Nxf6 35. Qh8+ Ng8 36. Nxd8 Be3 37. Ne6+ Kf7 38. Qxg7+ 1-0

[Event "44th Chess Olympiad Open 2022"]
[Site "Chennai"]
[Date "2022.07.29"]
[Round "1.60"]
[White "Ziska, Helgi Dam"]
[Black "Volpinari, Danilo"]
[Result "1-0"]
[WhiteElo "2549"]
[BlackElo "1955"]
[Annotator "TA"]
[PlyCount "39"]
[EventDate "2022.07.29"]
[EventType "team-tourn"]
[EventCountry "IND"]
[SourceTitle "playchess.com"]
[Source "ChessBase"]
[SourceQuality "1"]
[WhiteTeam "Faroe Islands"]
[BlackTeam "San Marino"]
[WhiteTeamCountry "FAI"]
[BlackTeamCountry "SMR"]

1. e4 c5 2. Nf3 g6 3. c3 Bg7 4. d4 cxd4 5. cxd4 d5 6. e5 Nc6 7. h3 Nh6 8. Bb5
Qb6 9. Nc3 O-O 10. Bf4 e6 11. Qd2 Nf5 12. Bxc6 Qxc6 13. g4 Ne7 14. h4 Bd7 15.
h5 Rac8 16. Bg5 Rfe8 17. Bf6 Bf8 18. hxg6 fxg6 19. Qf4 Qc4 20. Rxh7 1-0

[Event "44th Chess Olympiad Open 2022"]
[Site "Chennai"]
[Date "2022.07.29"]
[Round "1.60"]
[White "Berardi, Giancarlo"]
[Black "Rodgaard, John"]
[Result "0-1"]
[WhiteElo "1757"]
[BlackElo "2324"]
[Annotator "TA"]
[PlyCount "118"]
[EventDate "2022.07.29"]
[EventType "team-tourn"]
[EventCountry "IND"]
[SourceTitle "playchess.com"]
[Source "ChessBase"]
[SourceQuality "1"]
[WhiteTeam "San Marino"]
[BlackTeam "Faroe Islands"]
[WhiteTeamCountry "SMR"]
[BlackTeamCountry "FAI"]

1. c4 e6 2. g3 d5 3. cxd5 exd5 4. Bg2 Nf6 5. Nf3 Bd6 6. O-O O-O 7. Nc3 c6 8. a3
h6 9. b4 a6 10. Bb2 Bf5 11. d3 Re8 12. Re1 Nbd7 13. e4 Bh7 14. exd5 cxd5 15.
Rxe8+ Qxe8 16. Qd2 Nb6 17. Re1 Qd8 18. Nd4 Rc8 19. Bh3 Rc7 20. Nf5 Bxf5 21.
Bxf5 Re7 22. Rxe7 Bxe7 23. Qd1 Ne8 24. Ne2 Bf6 25. Qa1 Nc8 26. Nf4 Ne7 27. Bh3
Qc7 28. Bg2 Bxb2 29. Qxb2 Nf6 30. Ne2 Nc6 31. Qc3 Qd6 32. Qc5 Qe5 33. Qe3 Qa1+
34. Qc1 Qxc1+ 35. Nxc1 Nd4 36. a4 b5 37. axb5 axb5 38. Na2 Kf8 39. Nc3 Nc2 40.
Nxd5 Nxd5 41. Bxd5 Nxb4 42. Be4 Ke7 43. f4 Kd6 44. Kf2 Kc5 45. Ke3 Nc2+ 46. Kd2
Nd4 47. Kc3 b4+ 48. Kb2 f6 49. f5 Nb5 50. Kb3 Nd6 51. g4 Nxe4 52. dxe4 Kd4 53.
Kxb4 Kxe4 54. Kc5 Kf4 55. h3 Kg3 56. g5 hxg5 57. Kd6 Kxh3 58. Ke6 Kg4 59. Kf7
Kxf5 0-1

[Event "44th Chess Olympiad Open 2022"]
[Site "Chennai"]
[Date "2022.07.29"]
[Round "1.61"]
[White "Lazov, Toni"]
[Black "Faulks, Nick"]
[Result "1-0"]
[WhiteElo "2374"]
[BlackElo "1820"]
[Annotator "TA"]
[PlyCount "63"]
[EventDate "2022.07.29"]
[EventType "team-tourn"]
[EventCountry "IND"]
[SourceTitle "playchess.com"]
[Source "ChessBase"]
[SourceQuality "1"]
[WhiteTeam "Macedonia"]
[BlackTeam "Bermuda"]
[WhiteTeamCountry "MKD"]
[BlackTeamCountry "BER"]

1. e4 c5 2. Nf3 e6 3. d3 Nf6 4. g3 b5 5. Bg2 Bb7 6. O-O Qc7 7. Re1 Nc6 8. e5
Nd5 9. c4 bxc4 10. dxc4 Nb6 11. b3 g6 12. Nc3 Nc8 13. Ne4 Bg7 14. Nxc5 O-O 15.
Qxd7 Qxd7 16. Nxd7 Rd8 17. Nc5 Rb8 18. Bg5 N8e7 19. Rad1 Ba8 20. Nd7 Rbc8 21.
Rd2 h6 22. Bf6 Bxf6 23. exf6 Nf5 24. g4 Rc7 25. gxf5 Rcxd7 26. Rxd7 Rxd7 27.
fxe6 fxe6 28. Ne5 Nxe5 29. Bxa8 Ng4 30. Rxe6 Rd1+ 31. Kg2 Kf7 32. Bd5 1-0

[Event "44th Chess Olympiad Open 2022"]
[Site "Chennai"]
[Date "2022.07.29"]
[Round "1.61"]
[White "Kovacova, Zuzana"]
[Black "Stanojoski, Zvonko"]
[Result "0-1"]
[WhiteElo "2050"]
[BlackElo "2412"]
[Annotator "TA"]
[PlyCount "42"]
[EventDate "2022.07.29"]
[EventType "team-tourn"]
[EventCountry "IND"]
[SourceTitle "playchess.com"]
[Source "ChessBase"]
[SourceQuality "1"]
[WhiteTeam "Bermuda"]
[BlackTeam "Macedonia"]
[WhiteTeamCountry "BER"]
[BlackTeamCountry "MKD"]

1. e4 c5 2. Nc3 g6 3. g3 Bg7 4. Bg2 h5 5. h4 Nc6 6. d3 Rb8 7. Be3 Nd4 8. Qc1
Nf6 9. f3 b5 10. Qd2 d6 11. Nge2 b4 12. Nd1 e5 13. O-O d5 14. Bg5 dxe4 15. dxe4
Ba6 16. Nxd4 Bxf1 17. Nc6 Qxd2 18. Bxd2 Bxg2 19. Nxb8 Bxf3 20. Be3 Nxe4 21. Na6
O-O 0-1

[Event "44th Chess Olympiad Open 2022"]
[Site "Chennai"]
[Date "2022.07.29"]
[Round "1.61"]
[White "Gontcharov, Serguei"]
[Black "Nikolovski, Nikola"]
[Result "0-1"]
[WhiteElo "1864"]
[BlackElo "2366"]
[Annotator "TA"]
[PlyCount "106"]
[EventDate "2022.07.29"]
[EventType "team-tourn"]
[EventCountry "IND"]
[SourceTitle "playchess.com"]
[Source "ChessBase"]
[SourceQuality "1"]
[WhiteTeam "Bermuda"]
[BlackTeam "Macedonia"]
[WhiteTeamCountry "BER"]
[BlackTeamCountry "MKD"]

1. e4 c5 2. Nf3 Nc6 3. d4 cxd4 4. Nxd4 g6 5. c4 Bg7 6. Be3 Nf6 7. Nc3 d6 8. Be2
O-O 9. O-O Bd7 10. Rc1 Nxd4 11. Bxd4 Bc6 12. f3 a5 13. Nd5 Nd7 14. Bxg7 Kxg7
15. Qd4+ e5 16. Qc3 Bxd5 17. cxd5 Qb6+ 18. Kh1 Rac8 19. Qd2 Nc5 20. Rc2 f5 21.
exf5 Rxf5 22. Rfc1 Rcf8 23. Qe3 Kg8 24. Bd3 Rf4 25. Rxc5 dxc5 26. Qxe5 Rd4 27.
Bc4 Qf6 28. Qxf6 Rxf6 29. a4 Kf8 30. b3 Rf7 31. h3 Re7 32. Rc2 Kg7 33. Kg1 h5
34. Kf2 h4 35. g3 hxg3+ 36. Kxg3 g5 37. Rh2 Kf6 38. Rf2 Re3 39. Rc2 Ke5 40. Rc1
b6 41. Rc2 Kf5 42. Rf2 Re1 43. Rc2 Red1 44. Re2 R4d2 45. h4 gxh4+ 46. Kxh4 Rxe2
47. Bxe2 Rd2 48. Bc4 Kf4 49. Kh5 Kxf3 50. Kg5 Ke4 51. Kf6 Rxd5 52. Ke6 Rd4 53.
Bf1 Rb4 0-1

[Event "44th Chess Olympiad Open 2022"]
[Site "Chennai"]
[Date "2022.07.29"]
[Round "1.62"]
[White "Hernandez Guerrero, Gilberto"]
[Black "Kamara, Ansumana"]
[Result "1-0"]
[WhiteElo "2560"]
[BlackElo "1896"]
[Annotator "TA"]
[PlyCount "95"]
[EventDate "2022.07.29"]
[EventType "team-tourn"]
[EventCountry "IND"]
[SourceTitle "playchess.com"]
[Source "ChessBase"]
[SourceQuality "1"]
[WhiteTeam "Mexico"]
[BlackTeam "SLE"]
[WhiteTeamCountry "MEX"]

1. d4 Nf6 2. Bg5 g6 3. Bxf6 exf6 4. c4 Bg7 5. Nc3 c6 6. e3 d6 7. g3 O-O 8. Bg2
Re8 9. Nge2 Nd7 10. b4 Nb6 11. c5 dxc5 12. bxc5 Nd7 13. O-O f5 14. Rb1 Nf6 15.
Qb3 Qc7 16. Rfd1 Ne4 17. Nxe4 fxe4 18. Nc3 Rb8 19. Nxe4 Bf5 20. Nd6 Bxb1 21.
Nxe8 Bxa2 22. Qxa2 Rxe8 23. Qxa7 Bf6 24. Rb1 Re7 25. d5 cxd5 26. Bxd5 Qe5 27.
Rxb7 Qxd5 28. Rxe7 Bxe7 29. Qxe7 h5 30. Qe8+ Kg7 31. c6 h4 32. Qd7 Qb3 33. Qd4+
f6 34. gxh4 Qc2 35. Qd7+ Kh6 36. c7 Qb1+ 37. Kg2 Qe4+ 38. Kf1 Qb1+ 39. Ke2 Qc2+
40. Kf3 f5 41. c8=Q Qe4+ 42. Ke2 Qg4+ 43. Kd2 Qb4+ 44. Qc3 Qf8 45. Qcd4 g5 46.
hxg5+ Kg6 47. Qh4 f4 48. Qdh7# 1-0

[Event "44th Chess Olympiad Open 2022"]
[Site "Chennai"]
[Date "2022.07.29"]
[Round "1.62"]
[White "Winston Gerald, Mansfield Thomas"]
[Black "Diaz Rosas, Julio Cesar"]
[Result "0-1"]
[WhiteElo "1832"]
[BlackElo "2328"]
[Annotator "TA"]
[PlyCount "140"]
[EventDate "2022.07.29"]
[EventType "team-tourn"]
[EventCountry "IND"]
[SourceTitle "playchess.com"]
[Source "ChessBase"]
[SourceQuality "1"]
[WhiteTeam "SLE"]
[BlackTeam "Mexico"]
[BlackTeamCountry "MEX"]

1. e4 c5 2. Nf3 d6 3. d4 cxd4 4. Nxd4 Nf6 5. Nc3 a6 6. Be2 e5 7. Nb3 Be7 8. Be3
O-O 9. h3 Be6 10. Bf3 Nbd7 11. Qd2 Rc8 12. O-O Nb6 13. Bxb6 Qxb6 14. Rfd1 Rc4
15. Qe2 Rfc8 16. Rac1 Bf8 17. g4 Be7 18. Rd3 Nd7 19. Qe1 Nf8 20. Be2 Ng6 21.
Rg3 R4c7 22. g5 Nf4 23. Bf1 Qa7 24. Rd1 b5 25. a3 Bc4 26. Nd2 Be6 27. Nf3 Nh5
28. Rg2 Bxh3 29. Rh2 Bg4 30. Be2 Nf4 31. Rh4 Bxf3 32. Bxf3 Bxg5 33. Rh2 Rd8 34.
Kh1 Rc5 35. Qg1 Qe7 36. Qg4 h6 37. Rg1 Qf6 38. Be2 Qe6 39. Qf3 Rb8 40. Bd3 a5
41. Ne2 Nxe2 42. Qxe2 Bf4 43. Rh4 Kf8 44. b3 Rc3 45. Qf3 a4 46. bxa4 bxa4 47.
Qg2 Qf6 48. Rh5 g6 49. Rh3 Rxa3 50. Qg4 Rc3 51. Qd7 Qe6 52. Qxe6 fxe6 53. Ra1
Rb4 54. Kg2 Kg7 55. Rhh1 Rc7 56. Ra3 d5 57. Re1 Bd2 58. Re2 Bc3 59. Re3 Bb2 60.
Ra2 a3 61. f3 Kf6 62. Re1 Ra7 63. Rb1 Bc3 64. Rb3 Rxb3 65. cxb3 Bb4 66. Bb1 Rc7
67. Re2 Rc1 68. Ba2 d4 69. Rf2 d3 70. Rf1 d2 0-1

[Event "44th Chess Olympiad Open 2022"]
[Site "Chennai"]
[Date "2022.07.29"]
[Round "1.63"]
[White "Stoyanov, Tsvetan"]
[Black "Montel Jr, Cyril Tomas"]
[Result "1-0"]
[WhiteElo "2450"]
[BlackElo "1827"]
[Annotator "TA"]
[PlyCount "85"]
[EventDate "2022.07.29"]
[EventType "team-tourn"]
[EventCountry "IND"]
[SourceTitle "playchess.com"]
[Source "ChessBase"]
[SourceQuality "1"]
[WhiteTeam "Bulgaria"]
[BlackTeam "PLW"]
[WhiteTeamCountry "BUL"]

1. e4 c5 2. Nf3 g6 3. c4 Nc6 4. d4 cxd4 5. Nxd4 Nf6 6. Nc3 d6 7. Be2 Bg7 8. Be3
Nxd4 9. Bxd4 O-O 10. O-O Be6 11. f4 Rc8 12. b3 Qa5 13. Rb1 a6 14. a4 Ne8 15. f5
Bxd4+ 16. Qxd4 Bd7 17. Nd5 Qd8 18. Bg4 f6 19. Qe3 g5 20. h4 h6 21. hxg5 hxg5
22. Kf2 Nc7 23. Nb6 Rb8 24. Rh1 Kg7 25. Qh3 Rh8 26. Qxh8+ Qxh8 27. Rxh8 Kxh8
28. Nxd7 Rd8 29. Nb6 Kg7 30. Rd1 Na8 31. Nxa8 Rxa8 32. c5 Rd8 33. cxd6 exd6 34.
Rc1 Rd7 35. Be2 Re7 36. Rc8 Rxe4 37. Rc7+ Kh6 38. Rxb7 Rf4+ 39. Kg3 a5 40. Rf7
Rb4 41. Bc4 d5 42. Rxf6+ Kg7 43. Rg6+ 1-0

[Event "44th Chess Olympiad Open 2022"]
[Site "Chennai"]
[Date "2022.07.29"]
[Round "1.63"]
[White "Tan, Santiago Jr"]
[Black "Petkov, Momchil"]
[Result "0-1"]
[WhiteElo "1872"]
[BlackElo "2510"]
[Annotator "TA"]
[PlyCount "58"]
[EventDate "2022.07.29"]
[EventType "team-tourn"]
[EventCountry "IND"]
[SourceTitle "playchess.com"]
[Source "ChessBase"]
[SourceQuality "1"]
[WhiteTeam "PLW"]
[BlackTeam "Bulgaria"]
[BlackTeamCountry "BUL"]

1. e4 c5 2. Nf3 d6 3. Bc4 Nf6 4. Nc3 e6 5. d3 Be7 6. h3 O-O 7. O-O Nc6 8. Bf4
Nd7 9. a3 Kh8 10. Ne2 e5 11. Be3 Nb6 12. Ba2 f5 13. exf5 Bxf5 14. Ng3 Bg6 15.
Qd2 d5 16. Bg5 Nd4 17. Bxe7 Nxf3+ 18. gxf3 Qxe7 19. Kg2 Qh4 20. Rae1 Bh5 21.
Nxh5 Qxh5 22. Qe3 Rf5 23. Rh1 Raf8 24. Re2 Rxf3 25. Qxc5 R3f5 26. Qe3 d4 27.
Qd2 Qf3+ 28. Kg1 R8f6 29. Rh2 Rg6+ 0-1